00638cam a2200205 a 450000100100000000500170001000800410002702000150006804000230008308200190010610000340012524500490015926000340020830000210024249000310026350000610029465000220035565000240037783000310040100000981320200929161720.0980701s1998 mx 000 p spa d a968190446x aDO-SdBNPcDLCdDLC aU861.44bB462v1 aBenedetti, Mario,d1920-2009.13aLa vida ese paréntesis /cMario Benedetti. aMéxico :bAlfaguara,c1998. a154 p. ;c21 cm.1 aBiblioteca Mario Benedetti aEl primer ejemplar es una quinta reimpresión del 2000. 4aPoesía uruguaya 4aLiteratura uruguaya 0aBiblioteca Mario Benedetti